00830 2200205 4500001002100000005001500021035002000036007000300056008004100059020001800100082001200118084001800130100002400148245004200172250001100214260003500225300002100260520032700281990001600608INLIS00000000000012520260520111147 a0010-0526000013ta260520 b 0 ind  a9786020759258 a297.648 a297.648 BUN t0 aBunda Ary Indriyani1 aTahun Dukacita /cBunda Ary Indriyani aCet. I aBandung :bCordoba Kids,cs.a. a21 hlm. :bIlus. aBuku anak Tahun Dukacita menceritakan masa sulit yang dialami Rasulullah SAW ketika kehilangan orang-orang tercinta, yaitu Khadijah dan Abu Thalib. Disajikan dengan bahasa sederhana dan mudah dipahami anak, buku ini mengajarkan nilai kesabaran, keteguhan iman, keikhlasan, serta semangat menghadapi cobaan dalam kehidupan. a00000000144